Duarte sueña y otros poemas a la patria. Bicentenario del Natalicio de Juan Pablo Duarte (Record no. 7894)

MARC details
000 -LEADER
campo de control de longitud fija 00417nam a2200145Ia 4500
001 - NÚMERO DE CONTROL
campo de control 4250
008 - DATOS DE LONGITUD FIJA--INFORMACIÓN GENERAL
campo de control de longitud fija 241024s9999 xx 000 0 und d
020 ## - NÚMERO INTERNACIONAL ESTÁNDAR DEL LIBRO
Número Internacional Estándar del Libro 978-9945-484-05-2
082 ## - NÚMERO DE LA CLASIFICACIÓN DECIMAL DEWEY
Número de clasificación RD/861.44/F577d
100 ## - ENTRADA PRINCIPAL--NOMBRE DE PERSONA
Nombre de persona FLAM
245 #0 - MENCIÓN DEL TÍTULO
Título Duarte sueña y otros poemas a la patria. Bicentenario del Natalicio de Juan Pablo Duarte
260 ## - PUBLICACIÓN, DISTRIBUCIÓN, ETC.
Nombre del editor, distribuidor, etc. [*SIN EDITORIAL*]
Fecha de publicación, distribución, etc. 2013
901 ## - ELEMENTOS DE DATOS A LOCAL LDA (RLIN)
a 24/8/2016 10:33:56 a.m.

No items available.

© 2024. Todos los Derechos Reservados. Desarrollado por IDEICE